Bienvenue à la Médiathèque de Saint-Andiol
banniere
Accueil Recherche avancée Mon compte
handi1 Rechercher dans le catalogue

Filtre   Mots-clés
  Recherche avancée
 
Lister les dernières nouveautés
 
Lister les livres GROS CARACTERES
 
Lister les périodiques (magazines)

handi1 Que choisir [ 637 ]

Book Cover
Titre : Que choisir [ 637 ]
Support : Livres
Langue : Francais
Publié : 2023 Union Fédérale des Consommateurs
Genre : Revues et magazines
Collection : Que Choisir
Sujets : Consommateurs
Étiquettes :
Pas de tags
LEADER 00937nas0a2200265 450
001 16863117
011 |d 5 € 
100 |a 20240625d2023 u u0frey01 ba 
101 1 |a fre  |c fre 
102 |a FR 
110 0 |a afu 0uu0 
200 0 |a Que choisir [ 637 ] 
207 1 |a  637 
210 |c Union Fédérale des Consommateurs  |d 2023 
215 |a 66 p.  |c couv. ill. coul. ; ill. coul.  |d 28 cm 
225 1 |a Que Choisir 
464 |a Tests labo: Climatiseurs mobiles, stacks végétaux, pommeaux de douche 
464 |a Nos forêts, de lourdes menaces 
464 |a Trains, face à la SNCF la concurrence patine 
464 |a Tests, Antimoustiques et crèmes solaires, les plus efficaces pour un été serrein 
610 0 |a Consommateurs 
676 |a 070.17 
900 |a Revues et magazines 
901 |a Adultes 
995 |a Médiathèque  |c Médiathèque  |f 089020187  |h 089020187  |k 070.17 QUE 637  |o p  |q a  |r az  |u NouveautéNouveauté  |e Médiathèque